Qui a dit ? Rap Francophone#6 - Statistiques

Statistiques générales
  • Ce quiz a été pris 39 fois
  • Le résultat moyen est 4 sur 20
Statistiques - réponses
Hint Réponse % Correct
"J'écoute pas les à-ce-qu'il-parait, les on-m'a-dit, encore moins les soi-disant (sauvage) J'incite pas à la violence mais un "nique ta mère" égale un mec en sang (ta ta ta !)" Kalash Criminel
77%
"Et y a Emma, Jade, Louise, Alice, Chloé, Lina, Léa, Rose
Anna, Marwa, Inès, Laura, Myriam, Mia, Aya, Manon
Julia, Lou, Camille, Zoé, Lola, Farah, Lucie
Eva, Nina, Romane, Sarah, Sarah, Sarah et puis Sarah"
Ico
66%
"On a headshot la routine Tous mes gavas disent : "Youpi !" Tant qu'y'a l'bout d'shit dans l'blue jeans Ah... Everything Gucci" Népal
37%
C'est nous les méchants, les grands requins blancs, les rois d'l'océan Le Léviathan avale mes enfants, Poséidon polit mon trident, Moby Dick Alkpote
31%
"Un car d'flic, un bakchich, c'est Paname, mec Sur l'parvis, ça s'agite, c'est grave la merde" Hugo TSR
26%
"Sûr qu'on va s'détruire comme la dernière fois mais le problème : j'me rappelle pas De la dernière fois qu'on a fait un truc pour la première fois" Gringe
23%
"Et j'flippe à n'en plus pouvoir trembler
J'ai joui à n'en plus pouvoir bander
Reste à voir qui va m'planter"
Orelsan
23%
"Dans la ville, elle me suit dans l'hôtel, et j'suis juste au-d'ssus, ses potos sont canons Ça rigole plus, j'ai sorti les kamas (yeah), j'ai sorti les kamas" Luv Resval
17%
"Dis, Siri ? Oui, ***** Han, est-c'que je les tue ? Oui, ***** Est-c'que je les allume tous comme ma laitue ? (tu-tu-tu-tu)" Caballero
14%
"Marqué pour la vie depuis que je suis né, comme l'enfant Jésus, ils veulent me crucifier Incarcéré à perpet', l'établissement veut m'éliminer comme les services secrets français" Roi Heenok
11%
"J'reviendrai justifier mes absences Ma parole est d'or, mes promesses dorment en silence" Columbine
9%
Deuxième taffe, j'ai capté la recette, j'ai plus l'trac J'ai croqué les barreaux, té-ma mes chicots, bah ouais, mola, té-ma mes chicots, oh yeah Yamê
9%
De désespoir est fait mon cœur comme extrémiste catalan À du jour où j’pourrai noyer ma peine dans du Macallan Dali
6%
Demain putain, demain c'est vraiment loin Je n'crois pas en Dieu, c'est un problème en moins Mais je suis comme toi, j'ai peur de ce qu'il y'a haut dans le ciel J'ai plus de sept milliards d'ennemis potentiels Jeanjass
6%
"Bonjour t'es qu'une merde mon pote Salut t'es qu'une merde mon pote" Jewel Usain
6%
"J'taime vraiment, maman j'sais que t'écoute, j'sais tu penses qu'j'laisse les cours, nan nan Si j'te dis si rarement que je t'aime, c'est que j'ai l'impression que j'mérite pas que tu me le dises en retour, c'est tout" nelick
6%
"J'aurais pu l'faire gentiment mais j'ai tellement la flemme (Yeah) T'es tellement un gros fils de-, pourtant j'aime bien ta mère" Rounhaa
6%
"J'me branle devant du riot porn Appelle même pas, j'ai pas ton temps Tu mens, t'es pas méchant Mais caillasse des keufs si t'es pas content" Youri
6%
"J'suis bourré c'soir et sur les dalles de marbre, je marche Tout est noir mais j'use mes baskets à l'écart Beaucoup d'espoir, la Lune regarde mon âme se calmer Et mes angoisses partent en poussière..." Lomepal
3%
"Le kickeur du soir est d'retour sortez l'édredon J'crois qu'mon rêve, c'est d'retour et m'vider le fion" Suikon Blaz AD
3%
Aucun quiz correspondant
Distribution des résultats
% des personnes avec chaque résultat
Percentile par nombre de réponses
Votre historique - résultats
Vous n’avez pas pris ce quiz